000 00906nam a2200229Ia 4500
001 9243
003 GE_BSU
008 181216s||||||||xx |||||||||||||| ||und||
040 _cGE_BSU
080 _a821.353.1-82
100 _aლორთქიფანიძე,კონსტანტინე
245 _aერთი კარგი წელიწადი
245 _bმოთხრობები.ლექსები.წერილები.თარგმანები
245 _cრედ.ვ.ძიძიგური.მხატვ. ო.ჯიშკარიანი და თ. მირზაშვილი
260 _aთბილისი
260 _bმერანი
260 _c1970
300 _a257გვ.4ფ.ილ.15სმ.
653 _aერთი კარგი წელიწადი
653 _aმოთხრობები
942 _cBK
999 _c42545
_d42545